Системы подготовки электронной технической документации: учебное пособие
| Autor principal: | |
|---|---|
| Autor corporatiu: | |
| Sumari: | Заглавие с титульного экрана Пособие содержит изложение общих вопросов технического документооборота и электронного представления технических документов. Рассмотрены вопросы подготовки графических электронных технических документов, в том числе общие вопросы машинной графики и принципы работы систем автоматизированной подготовки чертежей. Содержит информацию о подготовке электронных моделей изделия, создании и ведении электронной структуры изделия, а также об управлении техническими документами. Предназначено для использования в учебном пhоцессе при подготовке бакалавров по направлению "Машиностроение" и инженеров по специальности "Технология машиностроения". Режим доступа: из корпоративной сети ТПУ |
| Idioma: | rus |
| Publicat: |
Томск, Изд-во ТПУ, 2014
|
| Matèries: | |
| Accés en línia: | http://www.lib.tpu.ru/fulltext2/m/2015/m208.pdf |
| Format: | MixedMaterials Electrònic Llibre |
| KOHA link: | https://koha.lib.tpu.ru/cgi-bin/koha/opac-detail.pl?biblionumber=297114 |
MARC
| LEADER | 00000nlm0a2200000 4500 | ||
|---|---|---|---|
| 001 | 297114 | ||
| 005 | 20231102000956.0 | ||
| 035 | |a (RuTPU)RU\TPU\book\322234 | ||
| 035 | |a RU\TPU\book\322213 | ||
| 090 | |a 297114 | ||
| 100 | |a 20150605d2014 m y0rusy50 ca | ||
| 101 | 0 | |a rus | |
| 102 | |a RU | ||
| 105 | |a a j 001zy | ||
| 135 | |a drcn ---uucaa | ||
| 181 | 0 | |a i | |
| 182 | 0 | |a b | |
| 200 | 1 | |a Системы подготовки электронной технической документации |b Электронный ресурс |e учебное пособие |f А. В. Вальтер |g Национальный исследовательский Томский политехнический университет (ТПУ), Юргинский технологический институт (филиал) (ЮТИ) | |
| 203 | |a Текст |c электронный | ||
| 210 | |a Томск |c Изд-во ТПУ |d 2014 | ||
| 230 | |a 1 компьютерный файл (pdf; 10 MB) | ||
| 300 | |a Заглавие с титульного экрана | ||
| 330 | |a Пособие содержит изложение общих вопросов технического документооборота и электронного представления технических документов. Рассмотрены вопросы подготовки графических электронных технических документов, в том числе общие вопросы машинной графики и принципы работы систем автоматизированной подготовки чертежей. Содержит информацию о подготовке электронных моделей изделия, создании и ведении электронной структуры изделия, а также об управлении техническими документами. Предназначено для использования в учебном пhоцессе при подготовке бакалавров по направлению "Машиностроение" и инженеров по специальности "Технология машиностроения". | ||
| 333 | |a Режим доступа: из корпоративной сети ТПУ | ||
| 337 | |a Adobe Reader | ||
| 606 | 1 | |a Документы |x Вычислительная техника |2 stltpush |3 (RuTPU)RU\TPU\subj\75428 |9 87223 | |
| 610 | 1 | |a учебные пособия | |
| 610 | 1 | |a труды учёных ТПУ | |
| 610 | 1 | |a электронный ресурс | |
| 610 | 1 | |a электронная документация | |
| 610 | 1 | |a техническая документация | |
| 610 | 1 | |a документооборот | |
| 610 | 1 | |a технические документы | |
| 610 | 1 | |a машинная графика | |
| 610 | 1 | |a чертежи | |
| 610 | 1 | |a электронные документы | |
| 610 | 1 | |a графические документы | |
| 610 | 1 | |a электронные модели | |
| 675 | |a 004.91(075.8) |v 4 | ||
| 700 | 1 | |a Вальтер |b А. В. |c специалист в области машиностроения |c доцент Юргинского технологического института (филиала) Томского политехнического университета, кандидат технических наук |f 1979- |g Александр Викторович |2 stltpush |3 (RuTPU)RU\TPU\pers\24229 |9 10716 | |
| 712 | 0 | 2 | |a Национальный исследовательский Томский политехнический университет (ТПУ) |b Юргинский технологический институт (филиал) (ЮТИ) |b Кафедра технологии машиностроения (ТМС) |h 356 |2 stltpush |3 (RuTPU)RU\TPU\col\18902 |
| 801 | 1 | |a RU |b 63413507 |c 20101209 | |
| 801 | 2 | |a RU |b 63413507 |c 20160615 |g RCR | |
| 856 | 4 | |u http://www.lib.tpu.ru/fulltext2/m/2015/m208.pdf | |
| 942 | |c CF | ||